| 000 | 00881nam a2200253Ia 4500 | ||
|---|---|---|---|
| 003 | OSt | ||
| 005 | 20220923221857.0 | ||
| 006 | a|||||r|||| 00| 0 | ||
| 007 | ta | ||
| 008 | 220922b |||||||| |||| 00| 0 snd d | ||
| 024 | _a200,758 | ||
| 037 | _cTextual | ||
| 040 |
_aARTS _cARTS _bsnd |
||
| 041 |
_2snd _asnd |
||
| 082 | _aO1593,1K18,SV, 152L3 | ||
| 100 |
_aप्राणनाथ _9156277 |
||
| 245 | 0 | _aसिन्धी वाणी | |
| 246 | _aSindhī vāṇī | ||
| 260 |
_aदिल्ली _b श्री प्राणनाथ प्रका0 _c1973 |
||
| 300 |
_a102पृ0, ुुुुुुुुुुुुुुुुुुुुुुुुुुुु _ccm. |
||
| 650 |
_aसिन्धी साहित्य _9156264 |
||
| 942 |
_hO1593,1K18,SV, 152L3 _cTEXL _2CC |
||
| 999 |
_c352430 _d352430 |
||